000 00203 a2200109 4500
020 _a9788880702221
041 _aspa
100 _aAnonimo
245 _aLa espada en la Roca
942 _cBK
952 _71
999 _c24964
_d24964